Guía para la gestión de proyectos culturales

Saved in:
Bibliografiske detaljer
Institution som forfatter: Consejo Nacional de la Cultura y las Artes (Author)
Format: Bog
Sprog:spansk
Udgivet: Valparaíso Consejo Nacional de la Cultura y las Artes 2009
Fag:
Tags: Tilføj Tag
Ingen Tags, Vær først til at tagge denne postø!

MARC

LEADER 00000nam a2200000 a 4500
001 UCG3459
003 CL-VaPUC
008 100826e20090000CL |||||||||||||||||spa|d
020 |a 9789568327569 
082 0 4 |a 306  |b CON  |2 21 
110 2 |a Consejo Nacional de la Cultura y las Artes  |e author  |9 552620 
245 1 0 |a Guía para la gestión de proyectos culturales 
300 |a 75 p 
942 |c BK 
945 |d 20100826 00:00:00  |a mfarfan 
260 |a Valparaíso  |b Consejo Nacional de la Cultura y las Artes  |c 2009 
650 0 |a Desarrollo cultural  |9 267526 
650 0 |a Patrimonio cultural  |9 309364 
650 0 |a Gestión cultural  |9 521696 
650 0 |a Centros culturales  |9 373824 
650 0 |a Política gubernamental  |9 262286 
583 |a last modification  |c 20100826 00:00:00  |k Rodrigo Vera 
999 |c 342526  |d 342524 
952 |0 0  |1 0  |4 0  |6 306_000000000000000_CON_2009  |7 0  |8 C  |9 438754  |a BIBCUR  |b BIBCUR  |d 2019-11-22  |i 4699386  |o 306 CON 2009  |p 4699386  |r 2025-04-22  |w 2019-11-22  |y BK  |k CAC 
952 |0 0  |1 0  |4 0  |6 306_000000000000000_CON_2009  |7 0  |8 C  |9 438755  |a BIBCUR  |b BIBCUR  |d 2019-11-22  |i 4699416  |l 1  |o 306 CON 2009  |p 4699416  |r 2025-04-22  |s 2024-01-19  |w 2019-11-22  |y BK  |k CAC